000
00279nam a22001217a 4500
008
230620b xxu||||| |||| 00| 0 eng d
082
_a
323.96
_b
UNDP
110
_b
UNDP
245
_a
Kenya Human Development Report 1999
260
_b
UNDP
_c
1999
300
_a
94p
942
_2
ddc
_c
BK
999
_c
1928
_d
1928